| 000 | 00799cam a2200277Ia 4500 | ||
|---|---|---|---|
| 001 | 41982 | ||
| 005 | 20230411085956.0 | ||
| 008 | 820309s1965 sp 001 0 spa d | ||
| 035 | _a(OCoLC)ocm08229081 | ||
| 040 |
_aTXR _cTXR |
||
| 029 | 1 |
_aNLGGC _b041506162 |
|
| 035 | _a(OCoLC)8229081 | ||
| 090 | 0 | 0 |
_aP 106 _bP377m 1965 |
| 049 | _aGRAL | ||
| 100 | 1 |
_aPei, Mario, _d1901- |
|
| 245 | 1 | 3 |
_aLa maravillosa historia del lenguaje / _cMario A. Pei ; traducción y adaptación de David Romano. |
| 250 | _a2a ed. | ||
| 260 |
_aMadrid : _bEspasa-Calpe, _c1965. |
||
| 300 |
_aviii, 326 p. ; _c23 cm. |
||
| 500 | _aTranslation of : The story of language. | ||
| 500 | _aIncludes indexes. | ||
| 650 | 0 | _aLanguage and languages. | |
| 942 |
_2lcc _cbk |
||
| 946 | _almminaya | ||
| 994 |
_aC0 _bDRFGD |
||
| 999 |
_c110327 _d110327 |
||